[Event "AUTO-INT-3686"]
[Site "http://www.queenalice.com/game.php?id=1764399"]
[Date "2021.7.15"]
[Round "1"]
[White "saravillashaddad"]
[Black "profeta"]
[Result "0-1"]
[WhiteElo "1582"]
[BlackElo "1607"]

1. e3 d5 2. d4 Nf6 3. c3 Nc6 4. Nf3 Bg4 5. Be2 Bxf3 6. Bxf3 e5 7. Qe2 e4 8. Bg4
h5 9. Bh3 g5 10. g4 hxg4 11. Bxg4 Na5 12. Qb5+ c6 13. Qe2 Nxg4 14. Qxg4 f6 15.
Nd2 Rh4 16. Qe2 b5 17. b4 Nb7 18. a4 a6 19. axb5 axb5 20. Rxa8 Qxa8 21. f3 Qa1
22. Kd1 Qxc3 23. fxe4 dxe4 24. Rf1 Nd6 25. Rxf6 Qxb4 26. Qf2 Rh8 0-1

[Event "AUTO-INT-3686"]
[Site "http://www.queenalice.com/game.php?id=1764400"]
[Date "2021.7.15"]
[Round "1"]
[White "profeta"]
[Black "saravillashaddad"]
[Result "1-0"]
[WhiteElo "1622"]
[BlackElo "1567"]

1. d4 d5 2. Nf3 e6 3. Nc3 Nf6 4. Bg5 Be7 5. Bxf6 Bxf6 6. e4 c6 7. e5 Bg5 8. h4
Bh6 9. g4 g5 10. hxg5 Bxg5 11. b4 f6 12. exf6 Qxf6 13. Nxg5 Qxg5 14. Rh5 Qg6 15.
Bd3 Qf6 16. g5 Qxd4 17. Qd2 Qxb4 18. Rb1 Qe7 19. Qf4 Nd7 20. g6 Qg7 21. Qf7+
Qxf7 22. gxf7+ Kxf7 23. Kd2 Nf6 24. Rh4 h5 25. f3 e5 26. Ne2 a5 27. Rg1 Be6 28.
Ng3 Rag8 29. Ne2 Rg7 30. c3 b5 31. a3 1-0

[Event "Challenge"]
[Site "http://www.queenalice.com/game.php?id=1791340"]
[Date "2022.6.23"]
[Round "-"]
[White "Renie"]
[Black "saravillashaddad"]
[Result "0-1"]
[WhiteElo "1490"]
[BlackElo "1532"]

1. c4 e5 2. Nc3 d6 3. d3 f6 4. g3 Nc6 5. Bg2 Nd4 6. e3 Nf5 7. e4 Nd4 8. Nge2 c5
9. f4 Bg4 10. Bf1 Nf3+ 11. Kf2 Nd4 12. Qd2 g5 13. Nxd4 exd4 14. fxg5 fxg5 15.
Nd5 h6 16. Qe1 Nf6 17. Qd2 b6 18. Bg2 Nxd5 19. exd5 Qf6+ 20. Kg1 O-O-O 21. a4
Re8 22. Be4 Bf5 23. Qe2 Rh7 24. Qf3 Rf7 25. a5 Bxe4 26. Qxf6 Rxf6 27. dxe4 Rxe4
28. Kg2 Re2+ 29. Kh3 d3 30. b3 Bg7 31. axb6 axb6 32. Bxg5 hxg5 33. Ra3 Rh6+ 34.
Kg4 d2 35. h3 Be5 36. Ra8+ Kb7 37. Rha1 Bxa1 38. Rxa1 Re1 0-1

[Event "Let's Play Chess!"]
[Site "http://www.queenalice.com/game.php?id=1793067"]
[Date "2022.7.25"]
[Round "-"]
[White "saravillashaddad"]
[Black "Charles56"]
[Result "1-0"]
[WhiteElo "1553"]
[BlackElo "1693"]

1. c3 e5 2. e4 Nf6 3. d3 h6 4. c4 Bc5 5. Qf3 d6 6. Nc3 a6 7. b3 Bg4 8. Qg3 Qd7
9. h3 Bxf2+ 10. Kxf2 g5 11. hxg4 Nc6 12. Be2 O-O-O 13. Nd5 Nxd5 14. cxd5 Nd4 15.
Nf3 c5 16. Be3 f6 17. Rac1 Qc7 18. Bxd4 exd4 19. Nxd4 Qe7 20. Nf5 Qc7 21. b4 Rd7
22. bxc5 dxc5 23. Rxh6 Rxh6 24. Nxh6 b6 25. d4 Kb8 26. Bxa6 Rd6 27. Qb3 Qa7 28.
Qb5 Kc7 29. e5 Rxd5 30. exf6 Rxd4 31. f7 Rf4+ 32. Kg3 Qb8 33. Qe2 Qd8 34. Re1
Qd6 35. Qe7+ Qxe7 36. Rxe7+ Kd6 37. Re8 1-0

[Event "AUTO-OPEN-4381"]
[Site "http://www.queenalice.com/game.php?id=1793232"]
[Date "2022.7.25"]
[Round "1"]
[White "Artking"]
[Black "saravillashaddad"]
[Result "1-0"]
[WhiteElo "2099"]
[BlackElo "1530"]

1. g4 c6 2. Bg2 d5 3. c4 dxc4 4. g5 f6 5. h4 fxg5 6. hxg5 e6 7. f4 Qd4 8. e3 Qc5
9. Nc3 b5 10. Nf3 Ne7 11. Ne4 Qb4 12. a3 Qa5 13. Ne5 Nf5 14. Qh5+ g6 15. Nxg6
hxg6 16. Qxg6+ Kd7 17. Rxh8 Qd8 18. Nc5+ Kd6 19. Ne4+ Kc7 20. Qf7+ Qe7 21. Rxf8
Qxf7 22. Rxf7+ Kb6 23. g6 Nh6 24. Nf6 Nxf7 25. gxf7 Nd7 26. a4 Nf8 27. Be4 b4
28. b3 c3 29. Ne8 Bd7 30. a5+ Kc5 31. dxc3 Bxe8 32. cxb4+ Kxb4 33. fxe8=R Rxe8
34. Bxc6 Rd8 35. Ba3+ Kxb3 36. Ba4+ Kxa4 37. Be7+ Kb3 38. Bxd8 Kc2 39. Rd1 Ng6
40. a6 e5 41. f5 Nf8 42. Bb6 axb6 43. a7 b5 44. a8=Q b4 45. Qd5 b3 46. Qd2# 1-0

[Event "AUTO-OPEN-4381"]
[Site "http://www.queenalice.com/game.php?id=1793233"]
[Date "2022.7.25"]
[Round "1"]
[White "saravillashaddad"]
[Black "Artking"]
[Result "1-0"]
[WhiteElo "1500"]
[BlackElo "2072"]

1. e3 d5 2. d4 Nf6 3. f3 Bf5 4. Nc3 e6 5. b3 a6 6. a3 c5 7. a4 Nc6 8. g4 Bg6 9.
Ba3 cxd4 10. exd4 Bxa3 11. Rxa3 Nb4 12. Bd3 Qd6 13. Qc1 Nxd3+ 14. cxd3 Bxd3 15.
Kd2 Qf4+ 16. Kd1 Qxd4 17. Nce2 Nxg4 18. Nxd4 1-0

[Event "AUTO-OPEN-4381"]
[Site "http://www.queenalice.com/game.php?id=1793254"]
[Date "2022.7.25"]
[Round "1"]
[White "thbn"]
[Black "saravillashaddad"]
[Result "1-0"]
[WhiteElo "1787"]
[BlackElo "1546"]

1. e4 d6 2. d4 e5 3. Nf3 Nc6 4. Bb5 Bd7 5. O-O Nxd4 6. Bxd7+ Qxd7 7. Nxd4 exd4
8. Qxd4 c5 9. Qd5 Nf6 10. Qd3 O-O-O 11. Nc3 d5 12. e5 Ng4 13. Nb5 Nxe5 14. Qa3
Qxb5 15. Qxa7 c4 16. a4 Qb4 17. a5 Nc6 18. Qe3 Nxa5 19. Bd2 Bc5 20. Qh3+ Rd7 21.
Bxb4 Bxb4 22. c3 Bc5 23. Rxa5 1-0

[Event "AUTO-OPEN-4381"]
[Site "http://www.queenalice.com/game.php?id=1793255"]
[Date "2022.7.25"]
[Round "1"]
[White "saravillashaddad"]
[Black "thbn"]
[Result "0-1"]
[WhiteElo "1540"]
[BlackElo "1793"]

1. Nf3 d5 2. d4 Nc6 3. e3 Nf6 4. Ne5 Bd7 5. c4 Bf5 6. Nc3 e6 7. c5 Nxe5 8. dxe5
Ne4 9. Na4 a6 10. b4 Be7 11. f3 Bh4+ 12. g3 Nxg3 13. hxg3 Be7 14. f4 O-O 15. Qh5
Be4 16. Rh2 f6 17. f5 Bxf5 18. Nc3 fxe5 19. Bh3 Bg6 20. Bxe6+ Kh8 21. Qxe5 Bf6
22. Qxf6 Qxf6 23. Bxd5 Qf1+ 24. Kd2 Qd3+ 0-1

[Event "AUTO-OPEN-4381"]
[Site "http://www.queenalice.com/game.php?id=1793268"]
[Date "2022.7.25"]
[Round "1"]
[White "saravillashaddad"]
[Black "ookla1"]
[Result "0-1"]
[WhiteElo "1533"]
[BlackElo "1085"]

1. d4 d5 2. e3 Nf6 3. Nf3 e6 4. Ne5 a6 5. c3 Nc6 6. b4 Be7 7. Na3 O-O 8. Bd3 Ne4
9. Qc2 Bh4 10. g3 Bg5 11. Bxe4 dxe4 12. Qxe4 Qe8 13. h4 Bf6 14. Nac4 h6 15. f4
Ne7 16. h5 b6 17. Qxa8 Qb5 18. Qe4 Nf5 19. Rg1 Nd6 20. Nxd6 cxd6 21. Nc6 d5 0-1

[Event "AUTO-OPEN-4381"]
[Site "http://www.queenalice.com/game.php?id=1793269"]
[Date "2022.7.25"]
[Round "1"]
[White "ookla1"]
[Black "saravillashaddad"]
[Result "1-0"]
[WhiteElo "1055"]
[BlackElo "1563"]

1. e4 d6 2. d3 e5 3. Nf3 Nc6 4. h3 Be7 5. Nc3 f6 6. Be2 g5 7. b3 Nd4 8. Bb2 f5
9. exf5 Bxf5 10. Qd2 h6 11. O-O-O c6 12. Nxd4 exd4 13. Nb1 c5 14. Na3 Nf6 15.
Bf3 Rb8 16. Kb1 b6 17. Bc6+ Bd7 18. Bf3 Kf7 19. Rde1 Re8 20. h4 g4 21. Bd1 Bc6
22. Rhg1 1-0

[Event "Challenge"]
[Site "http://www.queenalice.com/game.php?id=1793513"]
[Date "2022.8.1"]
[Round "-"]
[White "saravillashaddad"]
[Black "Carlos19"]
[Result "1-0"]
[WhiteElo "1534"]
[BlackElo "1597"]

1. d4 e6 2. e3 Nc6 3. c3 d5 4. Nf3 h6 5. Na3 Bxa3 6. bxa3 Nf6 7. c4 Ne4 8. Ne5
Nxe5 9. dxe5 dxc4 10. Bxc4 Qxd1+ 11. Kxd1 Nxf2+ 12. Ke2 Nxh1 13. Bd2 Ng3+ 14.
hxg3 a5 15. Rc1 c6 16. a4 Bd7 17. g4 c5 18. Bb5 Bxb5+ 19. axb5 b6 20. a4 h5 21.
Rh1 h4 22. Rh3 f6 23. g3 g5 24. exf6 Kf7 25. Bc3 Rad8 26. e4 Rde8 27. Kd2 e5 28.
gxh4 Kxf6 29. h5 Rd8+ 30. Kc2 Rde8 31. Rf3+ Ke6 32. Rf5 Rhf8 33. Rxe5+ Kd6 34.
Rd5+ Kc7 35. Rxg5 Rxe4 36. h6 Rf2+ 37. Kb3 Rg2 38. Rg7+ Kd6 39. h7 Rh2 40. Rg6+
Kd5 41. Rg7 c4+ 42. Ka3 Re1 43. Bxe1 Rh3+ 44. Kb2 Rh2+ 45. Kc1 Rh1 46. Kd1 c3
47. Rc7 Kd4 48. Rxc3 Rxh7 49. Bd2 Rh1+ 50. Kc2 Ke5 51. Re3+ Kd4 52. g5 Rg1 53.
Re6 Rxg5 54. Bxg5 Kc5 55. Be3+ Kb4 56. Re4+ Ka3 57. Bxb6 Ka2 58. Bxa5 Ka3 59. b6
Ka2 60. b7 Ka3 61. b8=Q Ka2 62. Qb2# 1-0

[Event "Challenge"]
[Site "http://www.queenalice.com/game.php?id=1794515"]
[Date "2022.8.17"]
[Round "-"]
[White "Renie"]
[Black "saravillashaddad"]
[Result "1-0"]
[WhiteElo "1463"]
[BlackElo "1482"]

1. c4 e5 2. Nc3 d6 3. d3 c6 4. Nf3 Nf6 5. Bg5 Be7 6. g3 Qa5 7. Bg2 b5 8. cxb5
cxb5 9. O-O h6 10. Bd2 Bb7 11. Nh4 Bc8 12. Bxa8 Qb6 13. Be3 Qc7 14. Nxb5 Qa5 15.
Nc3 Bg4 16. f3 Be6 17. Qa4+ Qxa4 18. Nxa4 a5 19. Bb7 Nd5 20. Ba7 Nd7 21. Rfc1
Bd8 22. Rc8 Ke7 23. Bxd5 Bxd5 24. Nf5+ Ke6 25. Nxg7+ Kf6 26. e4 Bb7 27. Rc3 Kxg7
28. d4 f6 29. dxe5 Nxe5 30. Kf2 Rf8 31. Bc5 dxc5 32. Nxc5 Bc8 33. Na4 Be7 34.
Rac1 Bh3 35. Rc7 Nd3+ 36. Ke3 Nxc1 37. Rxe7+ Kg8 38. Nc3 Rb8 39. b3 Rc8 40. Kd2
Rxc3 41. Kxc3 Nxa2+ 42. Kb2 Nb4 43. Ra7 Nc6 44. Ra6 Ne5 45. Rxa5 Nxf3 46. Rh5
Be6 47. Rxh6 Kg7 48. Rh5 Nd4 49. Ra5 Nxb3 50. Ra6 Bc4 51. Ra7+ Kg6 52. Rc7 Be6
53. Rc8 Nd2 54. e5 fxe5 55. Rc2 Nf1 56. Re2 Kf5 57. Rf2+ Kg6 58. Rxf1 e4 59. Re1
Bf5 60. Kc3 Kg5 61. Rh1 Kg4 62. Kd4 Kg5 63. h3 Bg6 64. Ke3 Kf5 65. g4+ Kg5 66.
Rc1 Kh4 67. Rc6 Kg5 68. Re6 Bh7 69. Rxe4 Bxe4 70. Kxe4 Kh4 71. Kf5 Kxh3 72. g5
Kh4 73. g6 Kh5 74. g7 Kh6 75. g8=Q Kh5 76. Qg5# 1-0

[Event "Let's Play Chess!"]
[Site "http://www.queenalice.com/game.php?id=1796558"]
[Date "2022.9.19"]
[Round "-"]
[White "saravillashaddad"]
[Black "Christhechessplayer"]
[Result "0-1"]
[WhiteElo "1575"]
[BlackElo "1681"]

1. e3 d5 2. d4 Nf6 3. Nc3 c6 4. Nf3 Bg4 5. b3 e6 6. h3 Bxf3 7. Qxf3 Bb4 8. Bd2
O-O 9. Na4 Bxd2+ 10. Kxd2 Qa5+ 11. c3 b5 12. Nb2 Ne4+ 13. Kc2 Qxc3+ 14. Kb1 Nd2#
0-1

[Event "Challenge"]
[Site "http://www.queenalice.com/game.php?id=1800758"]
[Date "2022.11.27"]
[Round "-"]
[White "saravillashaddad"]
[Black "dejami"]
[Result "0-1"]
[WhiteElo "1503"]
[BlackElo "1630"]

1. e4 e5 2. f3 c6 3. d3 Qb6 4. Nc3 Qd4 5. Nge2 Qb6 6. g4 Ne7 7. a3 Ng6 8. Na4
Qa5+ 9. c3 b5 10. b4 Qxa4 11. Qxa4 bxa4 12. d4 Nh4 13. f4 d6 14. f5 f6 15. Ng3
exd4 16. cxd4 Nf3+ 17. Kf2 Nxd4 18. Bb2 Nb5 19. Bd3 Nc7 20. Rac1 Bb7 21. Rhd1 a6
22. Nh5 Nd7 23. h3 Ne5 24. Bxe5 dxe5 0-1

[Event "Challenge"]
[Site "http://www.queenalice.com/game.php?id=1800759"]
[Date "2022.11.27"]
[Round "-"]
[White "dejami"]
[Black "saravillashaddad"]
[Result "1-0"]
[WhiteElo "1641"]
[BlackElo "1492"]

1. e4 d6 2. Bc4 e6 3. Qf3 c5 4. d3 Nf6 5. h4 a6 6. c3 g6 7. Bg5 Be7 8. g4 Qb6 9.
b4 cxb4 10. Bxf6 Bxf6 11. Qxf6 Rf8 12. Qd4 Qxd4 13. cxd4 h5 14. g5 e5 15. dxe5
dxe5 16. Nd2 Nc6 17. Nb3 f6 18. Ne2 Bg4 19. Ng3 f5 20. Nc5 Bf3 21. Rh2 Nd4 22.
Rc1 Ra7 23. Bd5 f4 24. Nf1 b6 25. Na4 b5 26. Nb6 1-0